La casa de la buena estrella

Saved in:
Bibliographic Details
Main Author: Ackerman, Diane (Author)
Format: Book
Language:Spanish
Published: Barcelona Ediciones B 2008
Edition:1a. ed
Subjects:
Tags: Add Tag
No Tags, Be the first to tag this record!

MARC

LEADER 00000cam a2200000 a 4500
001 UCC1370
003 CL-VaPUC
008 171020e20080600sp |||||||||||||||||spa|d
020 |a 9788466639347 
082 0 4 |a 813  |b ACK  |2 21 
100 0 |a Ackerman, Diane  |e author  |9 595442 
245 1 3 |a La casa de la buena estrella 
250 |a 1a. ed 
300 |a 402 p 
942 |c BK 
945 |d 20171020 15:16:00  |a arojas 
260 |a Barcelona  |b Ediciones B  |c 2008 
650 0 |a Novelas estadounidenses  |9 265217 
650 0 |a Literatura estadounidense  |9 317168 
650 0 |a Novelas románticas  |9 534970 
583 |a last modification  |c 20171020 15:16:00  |k Rodrigo Vera 
999 |c 369899  |d 369897 
952 |0 0  |1 0  |3 erb  |4 0  |6 813_000000000000000_ACK_2008  |7 0  |8 C  |9 486053  |a BIBCUR  |b BIBCUR  |i 5430534  |l 1  |o 813 ACK 2008  |p 5430534  |r 2025-04-22  |s 2024-04-26  |w 2019-11-24  |y BK  |z Catalogado en:20171020  |k CAC